00594cam a22002171 4500001001300000003000400013005001700017008004100034010001700075035001800092040001800110042001200128050001500140100003500155245004400190260004900234300001800283500001700301650004100318999001700359sa 68016426 DLC20260227112654.0720718s1960 xx 000 0 ind  asa 68016426  a(OCoLC)359316 aDLCcOAUdDLC apremarc00aN7325b.S21 aSastrowardoyo, Subagio,d1924-10aAdakah perkembangan seni modern wadjar? aJogjakarta,bUniversitas Gadja Madac[196-?] a20 p.c24 cm. aCover title. 0aArt, IndonesianxWestern influences. c87090d87090